000 00660cam a22002291 4500
001 8282
003 BD-JhCC
005 20231109083145.0
008 750923s1936 mauaf j 000 0 eng
035 _a(BD-JhCC)8282
035 _a(OCoLC)1649934
040 _aDLC
_cFM
_dDLC
_dBD-JhCC
041 _aeng
050 0 0 _aPZ7.H8158
_bSp
082 _bHOU 1936
100 1 _aHousehold, Geoffrey,
_d1900-1988.
245 1 4 _aThe Spanish cave /
_cby Geoffrey Household; with illustrations by Henry C. Pitz.
260 _aBoston,
_bLittle, Brown, and company,
_c1936.
300 _a5 p.l., 3-202 p.
_bincl. illus., plates
_c21 cm.
942 _2ddc
_cBK
999 _c8282
_d8282